LIBRARY & INFORMATION CENTRE, KCAET, TAVANUR

ONLINE PUBLIC ACCESS CATALOGUE (OPAC)

Business management and organizational behaviour (Record no. 13663)

MARC details
000 -LEADER
fixed length control field 00322nam a22001217a 4500
020 ## - INTERNATIONAL STANDARD BOOK NUMBER
ISBN 9789380578996
082 ## - DEWEY DECIMAL CLASSIFICATION NUMBER
Classification number 658
Item number PAL/BU
100 ## - MAIN ENTRY--AUTHOR NAME
Personal name Pal, Karam
245 ## - TITLE STATEMENT
Title Business management and organizational behaviour
260 ## - PUBLICATION, DISTRIBUTION, ETC. (IMPRINT)
Place of publication New Delhi
Name of publisher I.K International Publishing House Pvt. Ltd.
Year of publication 2011
300 ## - PHYSICAL DESCRIPTION
Number of Pages 508
942 ## - ADDED ENTRY ELEMENTS (KOHA)
Koha item type Books
Holdings
Withdrawn status Lost status Damaged status Collection code Home library Current library Shelving location Date acquired Source of acquisition Cost, normal purchase price Full call number Accession Number Koha item type
      Non-fiction KAUAET KAUAET General Stacks 31/03/2012 Cosmo Books, Calicut 325.00 658 PAL/BU 22298 Books
free website counter